Privatización de la empresa pública en México 1983-1988 /
保存先:
| 第一著者: | |
|---|---|
| フォーマット: | テキスト |
| タグ: |
タグ追加
タグなし, このレコードへの初めてのタグを付けませんか!
|
MARC
| LEADER | 00000 a a2200000 04500 | ||
|---|---|---|---|
| 001 | 45771 | ||
| 003 | |||
| 040 | |a CRAI/IIS |c CRAI/IIS | ||
| 100 | |a Gasca Zamora, José | ||
| 245 | |a Privatización de la empresa pública en México 1983-1988 / |c José Gasca Zamora | ||
| 773 | |g número41 (1988), páginas 22-25 | ||
| 999 | |c 18457 |d 18457 | ||
